[Event "Deutsche Ländermeisterschaft 2019"]
[Site "Würzburg GER"]
[Date "2019.10.02"]
[Round "2"]
[White "Wang, Xinyuan"]
[Black "Bashylina, Luisa"]
[Result "1-0"]
[Termination "normal"]
[Board "4.5"]
[BlackTitle "WCM"]
[WhiteElo "1674"]
[BlackElo "1933"]
[WhiteClock "00:25:28"]
[BlackClock "00:00:32"]
[WhiteTeam "Baden 1"]
[BlackTeam "Nordrhein-Westfalen"]
[PlyCount "84"]
[WhiteFideId "16221494"]
[BlackFideId "12983292"]
[EventCountry "GER"]
[EventRounds "7"]
[EventType "team-swiss"]
[EventDate "2019.10.01"]

1. d4 {[%clk 1:30:50]} Nf6 {[%clk 1:30:56]} 2. c4 {[%clk 1:31:13]} g6 {[%clk
1:31:22]} 3. Nc3 {[%clk 1:31:40]} Bg7 {[%clk 1:31:48]} 4. e4 {[%clk 1:32:06]}
d6 {[%clk 1:32:14]} 5. f3 {[%clk 1:32:31]} O-O {[%clk 1:32:37]} 6. Be3 {[%clk
1:32:28]} Nc6 {[%clk 1:32:56]} 7. Bd3 {[%clk 1:32:31]} e5 {[%clk 1:32:03]} 8.
d5 {[%clk 1:32:50]} Nb4 {[%clk 1:26:55]} 9. Bb1 {[%clk 1:33:11]} Nh5 {[%clk
1:26:50]} 10. a3 {[%clk 1:32:26]} Na6 {[%clk 1:27:11]} 11. Nge2 {[%clk
1:32:27]} f5 {[%clk 1:27:01]} 12. exf5 {[%clk 1:31:58]} gxf5 {[%clk 1:27:13]}
13. Qd2 {[%clk 1:24:23]} Nc5 {[%clk 1:21:46]} 14. Bc2 {[%clk 1:23:08]} a5
{[%clk 1:18:00]} 15. O-O-O {[%clk 1:17:46]} Qh4 {[%clk 1:13:25]} 16. g4 {[%clk
1:12:45]} Nf4 {[%clk 1:04:28]} 17. Nxf4 {[%clk 1:08:47]} exf4 {[%clk 1:04:51]}
18. Qf2 {[%clk 1:02:48]} Qxf2 {[%clk 0:58:06]} 19. Bxf2 {[%clk 1:02:37]} Kh8
{[%clk 0:41:20]} 20. Nb5 {[%clk 0:57:52]} Na6 {[%clk 0:35:07]} 21. Rde1 {[%clk
0:55:38]} Be5 {[%clk 0:30:42]} 22. Bd4 {[%clk 0:53:51]} Bxd4 {[%clk 0:30:04]}
23. Nxd4 {[%clk 0:52:36]} fxg4 {[%clk 0:23:10]} 24. fxg4 {[%clk 0:48:51]} f3
{[%clk 0:19:57]} 25. Rhf1 {[%clk 0:40:08]} Bxg4 {[%clk 0:18:52]} 26. Re7 {[%clk
0:39:31]} h5 {[%clk 0:16:14]} 27. h3 {[%clk 0:35:07]} Bxh3 {[%clk 0:15:14]} 28.
Rxf3 {[%clk 0:35:27]} Bg4 {[%clk 0:14:37]} 29. Rg3 {[%clk 0:35:05]} Rf1+ {[%clk
0:10:19]} 30. Kd2 {[%clk 0:34:29]} Rf4 {[%clk 0:07:49]} 31. Ke3 {[%clk
0:34:04]} Rf1 {[%clk 0:06:58]} 32. Rh7+ {[%clk 0:33:05]} Kg8 {[%clk 0:07:25]}
33. Rxh5 {[%clk 0:32:01]} Re8+ {[%clk 0:07:27]} 34. Ne6 {[%clk 0:30:48]} Rf3+
{[%clk 0:07:30]} 35. Rxf3 {[%clk 0:31:10]} Bxh5 {[%clk 0:07:53]} 36. Rg3+
{[%clk 0:30:15]} Kf7 {[%clk 0:06:49]} 37. Rg5 {[%clk 0:28:59]} Rh8 {[%clk
0:05:22]} 38. Nf4 {[%clk 0:28:26]} Re8+ {[%clk 0:02:19]} 39. Kf2 {[%clk
0:28:42]} Bd1 {[%clk 0:00:50]} 40. Bxd1 {[%clk 0:28:25]} Re4 {[%clk 0:00:45]}
41. Rf5+ {[%clk 0:27:16]} Ke7 {[%clk 0:00:32]} 42. Ng6+ {[%clk 0:25:28]} Nb8
1-0

[Event "Deutsche Ländermeisterschaft 2019"]
[Site "Würzburg GER"]
[Date "2019.10.02"]
[Round "2"]
[White "Svane, Frederik"]
[Black "Muckle, Julius"]
[Result "1/2-1/2"]
[Termination "normal"]
[Board "5.1"]
[BlackTitle "FM"]
[WhiteElo "2360"]
[BlackElo "2398"]
[WhiteClock "00:17:28"]
[BlackClock "00:15:02"]
[WhiteTeam "Schleswig-Holstein"]
[BlackTeam "Rheinland-Pfalz"]
[PlyCount "118"]
[WhiteFideId "12923044"]
[BlackFideId "12942430"]
[EventCountry "GER"]
[EventRounds "7"]
[EventType "team-swiss"]
[EventDate "2019.10.01"]

1. e4 {[%clk 1:30:50]} e6 {[%clk 1:31:00]} 2. d4 {[%clk 1:31:10]} d5 {[%clk
1:31:29]} 3. Nd2 {[%clk 1:31:31]} Nf6 {[%clk 1:31:19]} 4. e5 {[%clk 1:31:50]}
Nfd7 {[%clk 1:31:48]} 5. Bd3 {[%clk 1:31:53]} c5 {[%clk 1:32:17]} 6. c3 {[%clk
1:32:15]} Nc6 {[%clk 1:32:44]} 7. Ngf3 {[%clk 1:32:37]} Qb6 {[%clk 1:32:37]} 8.
O-O {[%clk 1:32:57]} cxd4 {[%clk 1:31:35]} 9. cxd4 {[%clk 1:33:20]} Nxd4 {[%clk
1:31:24]} 10. Nxd4 {[%clk 1:33:42]} Qxd4 {[%clk 1:31:53]} 11. Nf3 {[%clk
1:34:02]} Qb4 {[%clk 1:28:40]} 12. a3 {[%clk 1:28:59]} Qb6 {[%clk 1:27:02]} 13.
Be3 {[%clk 1:25:22]} Bc5 {[%clk 1:26:37]} 14. Bd2 {[%clk 1:25:48]} f6 {[%clk
1:04:53]} 15. b4 {[%clk 1:07:57]} Be7 {[%clk 0:58:20]} 16. Bc3 {[%clk 1:08:05]}
O-O {[%clk 0:45:07]} 17. Qc2 {[%clk 1:08:28]} f5 {[%clk 0:40:15]} 18. Rfc1
{[%clk 1:08:46]} Qd8 {[%clk 0:37:55]} 19. a4 {[%clk 1:04:52]} Nb6 {[%clk
0:18:49]} 20. a5 {[%clk 1:03:38]} d4 {[%clk 0:17:30]} 21. Nxd4 {[%clk 0:46:57]}
Nd5 {[%clk 0:17:24]} 22. Bc4 {[%clk 0:46:00]} Nxb4 {[%clk 0:12:08]} 23. Bxb4
{[%clk 0:44:27]} Bxb4 {[%clk 0:12:37]} 24. Nxe6 {[%clk 0:20:27]} Bxe6 {[%clk
0:13:02]} 25. Bxe6+ {[%clk 0:20:54]} Kh8 {[%clk 0:13:29]} 26. Bxf5 {[%clk
0:19:34]} Bxa5 {[%clk 0:10:41]} 27. Ra3 {[%clk 0:04:39]} Bb6 {[%clk 0:10:37]}
28. Rh3 {[%clk 0:03:48]} h6 {[%clk 0:10:43]} 29. Rf3 {[%clk 0:03:16]} Qg5
{[%clk 0:09:31]} 30. Rf1 {[%clk 0:03:34]} g6 {[%clk 0:06:47]} 31. Be4 {[%clk
0:03:59]} Rxf3 {[%clk 0:03:07]} 32. Bxf3 {[%clk 0:04:24]} Rf8 {[%clk 0:03:34]}
33. e6 {[%clk 0:02:01]} Kg7 {[%clk 0:01:38]} 34. Rd1 {[%clk 0:00:37]} Rd8
{[%clk 0:01:42]} 35. Rxd8 {[%clk 0:00:34]} Qxd8 {[%clk 0:02:01]} 36. Bxb7
{[%clk 0:00:50]} Qf6 {[%clk 0:02:07]} 37. Qa2 {[%clk 0:00:35]} Qc3 {[%clk
0:01:25]} 38. g3 {[%clk 0:00:49]} Kf6 {[%clk 0:00:40]} 39. Kg2 {[%clk 0:01:06]}
Qe5 {[%clk 0:00:35]} 40. Bd5 {[%clk 0:00:46]} h5 {[%clk 0:00:35]} 41. Qb3
{[%clk 0:29:16]} Qe2 {[%clk 0:22:06]} 42. Qc3+ {[%clk 0:23:42]} Kf5 {[%clk
0:18:12]} 43. Qf3+ {[%clk 0:24:08]} Qxf3+ {[%clk 0:18:37]} 44. Kxf3 {[%clk
0:24:31]} Kf6 {[%clk 0:18:09]} 45. Ke2 {[%clk 0:24:26]} a5 {[%clk 0:18:27]} 46.
f4 {[%clk 0:22:09]} a4 {[%clk 0:15:43]} 47. Kf3 {[%clk 0:21:37]} Bc5 {[%clk
0:14:30]} 48. Ba2 {[%clk 0:22:00]} a3 {[%clk 0:14:32]} 49. Ke4 {[%clk 0:21:54]}
Be7 {[%clk 0:12:39]} 50. Kd5 {[%clk 0:21:40]} Bb4 {[%clk 0:12:50]} 51. Kc4
{[%clk 0:21:23]} Bf8 {[%clk 0:12:56]} 52. Kd5 {[%clk 0:18:56]} Be7 {[%clk
0:13:14]} 53. Kc6 {[%clk 0:18:12]} Bf8 {[%clk 0:13:33]} 54. Kd7 {[%clk
0:18:08]} Bb4 {[%clk 0:13:56]} 55. h3 {[%clk 0:18:22]} Bc5 {[%clk 0:13:58]} 56.
Bb1 {[%clk 0:18:41]} Bb4 {[%clk 0:14:18]} 57. Ba2 {[%clk 0:18:44]} Bc5 {[%clk
0:14:43]} 58. Bd5 {[%clk 0:17:54]} Bb4 {[%clk 0:15:02]} 59. Ba2 {[%clk
0:17:28]} Ke5 1/2-1/2

[Event "Deutsche Ländermeisterschaft 2019"]
[Site "Würzburg GER"]
[Date "2019.10.02"]
[Round "2"]
[White "Kololli, Martin"]
[Black "Musiolik, David"]
[Result "1-0"]
[Termination "normal"]
[Board "5.3"]
[WhiteTitle "FM"]
[WhiteElo "2310"]
[BlackElo "2195"]
[WhiteClock "00:07:47"]
[BlackClock "00:24:49"]
[WhiteTeam "Schleswig-Holstein"]
[BlackTeam "Rheinland-Pfalz"]
[PlyCount "109"]
[WhiteFideId "12936910"]
[BlackFideId "12972355"]
[EventCountry "GER"]
[EventRounds "7"]
[EventType "team-swiss"]
[EventDate "2019.10.01"]

1. c4 {[%clk 1:30:56]} e6 {[%clk 1:30:53]} 2. Nc3 {[%clk 1:31:13]} d5 {[%clk
1:31:15]} 3. cxd5 {[%clk 1:31:36]} exd5 {[%clk 1:31:38]} 4. d4 {[%clk 1:32:02]}
Be7 {[%clk 1:31:29]} 5. Nf3 {[%clk 1:31:47]} Nf6 {[%clk 1:31:44]} 6. Bg5 {[%clk
1:31:55]} c6 {[%clk 1:30:19]} 7. Qc2 {[%clk 1:31:45]} Na6 {[%clk 1:29:14]} 8.
a3 {[%clk 1:16:45]} Nc7 {[%clk 1:29:17]} 9. e3 {[%clk 1:16:28]} Ne6 {[%clk
1:27:48]} 10. h4 {[%clk 1:14:48]} h6 {[%clk 1:21:50]} 11. Bxf6 {[%clk 1:14:05]}
Bxf6 {[%clk 1:21:54]} 12. O-O-O {[%clk 1:13:15]} Qc7 {[%clk 1:13:52]} 13. Kb1
{[%clk 1:09:56]} Bd7 {[%clk 1:12:17]} 14. e4 {[%clk 1:09:42]} O-O-O {[%clk
1:11:20]} 15. e5 {[%clk 1:02:48]} Be7 {[%clk 1:11:34]} 16. Bd3 {[%clk 1:00:58]}
Nf4 {[%clk 1:08:51]} 17. Bf5 {[%clk 0:57:10]} g6 {[%clk 1:08:35]} 18. Bxd7+
{[%clk 0:57:23]} Qxd7 {[%clk 1:08:31]} 19. g3 {[%clk 0:56:27]} Ne6 {[%clk
1:06:05]} 20. h5 {[%clk 0:56:42]} Rdf8 {[%clk 1:02:54]} 21. Ne2 {[%clk
0:51:15]} Kb8 {[%clk 0:59:18]} 22. Rdg1 {[%clk 0:49:02]} c5 {[%clk 0:50:26]}
23. dxc5 {[%clk 0:46:49]} Bxc5 {[%clk 0:47:52]} 24. Nc3 {[%clk 0:40:00]} Nd4
{[%clk 0:45:31]} 25. Nxd4 {[%clk 0:34:31]} Bxd4 {[%clk 0:45:54]} 26. Rd1 {[%clk
0:34:22]} Bxc3 {[%clk 0:45:12]} 27. Qxc3 {[%clk 0:34:39]} Qe6 {[%clk 0:43:16]}
28. Qd4 {[%clk 0:33:29]} Rd8 {[%clk 0:42:05]} 29. Rd3 {[%clk 0:30:58]} Rhe8
{[%clk 0:40:04]} 30. hxg6 {[%clk 0:28:27]} Qxg6 {[%clk 0:39:45]} 31. Ka1 {[%clk
0:27:47]} Re6 {[%clk 0:38:55]} 32. Rhd1 {[%clk 0:25:07]} f6 {[%clk 0:35:56]}
33. Re3 {[%clk 0:20:10]} Qf5 {[%clk 0:31:32]} 34. exf6 {[%clk 0:15:39]} Qxf6
{[%clk 0:29:40]} 35. Rxe6 {[%clk 0:15:47]} Qxe6 {[%clk 0:30:02]} 36. f4 {[%clk
0:15:15]} a6 {[%clk 0:29:09]} 37. Rd3 {[%clk 0:15:03]} Rd6 {[%clk 0:19:40]} 38.
Re3 {[%clk 0:14:17]} Qg6 {[%clk 0:19:33]} 39. Qh8+ {[%clk 0:11:57]} Ka7 {[%clk
0:19:15]} 40. Qd4+ {[%clk 0:11:49]} Kb8 {[%clk 0:19:37]} 41. Ka2 {[%clk
0:07:58]} Re6 {[%clk 0:18:24]} 42. Re5 {[%clk 0:02:30]} Rd6 {[%clk 0:14:45]}
43. f5 {[%clk 0:19:55]} Qf7 {[%clk 0:39:57]} 44. g4 {[%clk 0:18:52]} b6 {[%clk
0:38:42]} 45. Ka1 {[%clk 0:18:01]} Qf6 {[%clk 0:36:52]} 46. Re8+ {[%clk
0:17:31]} Kc7 {[%clk 0:36:32]} 47. Re5 {[%clk 0:15:13]} Kb7 {[%clk 0:34:46]}
48. Qe3 {[%clk 0:13:47]} Qd8 {[%clk 0:26:44]} 49. Re7+ {[%clk 0:10:59]} Rd7
{[%clk 0:27:03]} 50. Rxd7+ {[%clk 0:08:11]} Qxd7 {[%clk 0:27:24]} 51. f6 {[%clk
0:08:02]} Kc8 {[%clk 0:25:07]} 52. Qxh6 {[%clk 0:07:29]} d4 {[%clk 0:24:55]}
53. Qf8+ {[%clk 0:07:08]} Kc7 {[%clk 0:24:37]} 54. Qg7 {[%clk 0:07:25]} d3
{[%clk 0:24:49]} 55. Kb1 {[%clk 0:07:47]} 1-0

[Event "Deutsche Ländermeisterschaft 2019"]
[Site "Würzburg GER"]
[Date "2019.10.02"]
[Round "2"]
[White "Farokhi, Keyvan"]
[Black "Reitz, Theresa"]
[Result "1-0"]
[Termination "normal"]
[Board "5.5"]
[WhiteElo "2018"]
[BlackElo "1935"]
[WhiteClock "01:13:59"]
[BlackClock "00:20:12"]
[WhiteTeam "Schleswig-Holstein"]
[BlackTeam "Rheinland-Pfalz"]
[PlyCount "43"]
[WhiteFideId "12998630"]
[BlackFideId "12971901"]
[EventCountry "GER"]
[EventRounds "7"]
[EventType "team-swiss"]
[EventDate "2019.10.01"]

1. d4 {[%clk 1:30:55]} Nf6 {[%clk 1:30:52]} 2. Bf4 {[%clk 1:31:19]} g6 {[%clk
1:31:11]} 3. Nc3 {[%clk 1:31:38]} d5 {[%clk 1:31:28]} 4. e3 {[%clk 1:32:01]}
Bg7 {[%clk 1:31:41]} 5. h4 {[%clk 1:32:24]} c5 {[%clk 1:26:25]} 6. Nb5 {[%clk
1:31:09]} Na6 {[%clk 1:23:53]} 7. Nf3 {[%clk 1:31:07]} Bd7 {[%clk 1:10:35]} 8.
a4 {[%clk 1:30:55]} O-O {[%clk 1:01:39]} 9. Bd3 {[%clk 1:29:52]} Nb4 {[%clk
0:53:40]} 10. Ne5 {[%clk 1:22:27]} Nxd3+ {[%clk 0:52:32]} 11. Qxd3 {[%clk
1:22:54]} Bf5 {[%clk 0:50:47]} 12. Qe2 {[%clk 1:22:42]} Qa5+ {[%clk 0:49:26]}
13. c3 {[%clk 1:19:36]} a6 {[%clk 0:42:39]} 14. Na3 {[%clk 1:19:37]} Ne4 {[%clk
0:40:08]} 15. g4 {[%clk 1:18:36]} Be6 {[%clk 0:38:25]} 16. f3 {[%clk 1:18:23]}
Nd6 {[%clk 0:33:30]} 17. h5 {[%clk 1:18:06]} Rac8 {[%clk 0:25:30]} 18. hxg6
{[%clk 1:18:08]} fxg6 {[%clk 0:24:59]} 19. Qh2 {[%clk 1:17:56]} h5 {[%clk
0:22:50]} 20. Nxg6 {[%clk 1:16:45]} cxd4 {[%clk 0:22:12]} 21. Qxh5 {[%clk
1:15:24]} Rxf4 {[%clk 0:20:12]} 22. Nxf4 {[%clk 1:13:59]} 1-0

[Event "Deutsche Ländermeisterschaft 2019"]
[Site "Würzburg GER"]
[Date "2019.10.02"]
[Round "2"]
[White "Schiewe, Nadin"]
[Black "Grining, Maria"]
[Result "1/2-1/2"]
[Termination "normal"]
[Board "6.5"]
[WhiteElo "1593"]
[BlackElo "1801"]
[WhiteClock "00:41:01"]
[BlackClock "00:15:14"]
[WhiteTeam "SG Brandenburg / Berlin"]
[BlackTeam "Baden 2"]
[PlyCount "132"]
[WhiteFideId "16209079"]
[BlackFideId "16235037"]
[EventCountry "GER"]
[EventRounds "7"]
[EventType "team-swiss"]
[EventDate "2019.10.01"]

1. d4 {[%clk 1:30:58]} d5 {[%clk 1:30:52]} 2. Nf3 {[%clk 1:31:21]} Nf6 {[%clk
1:31:08]} 3. e3 {[%clk 1:31:37]} e6 {[%clk 1:31:13]} 4. Bd3 {[%clk 1:31:47]} c5
{[%clk 1:31:32]} 5. c3 {[%clk 1:32:07]} Nc6 {[%clk 1:31:51]} 6. Nbd2 {[%clk
1:32:16]} Bd6 {[%clk 1:31:31]} 7. O-O {[%clk 1:32:24]} Qc7 {[%clk 1:31:30]} 8.
Qe2 {[%clk 1:31:19]} O-O {[%clk 1:30:54]} 9. dxc5 {[%clk 1:29:47]} Bxc5 {[%clk
1:30:26]} 10. e4 {[%clk 1:29:19]} e5 {[%clk 1:20:32]} 11. exd5 {[%clk 1:24:27]}
Nxd5 {[%clk 1:20:47]} 12. Bxh7+ {[%clk 1:24:15]} Kxh7 {[%clk 1:17:18]} 13. Qe4+
{[%clk 1:23:48]} Kg8 {[%clk 1:17:06]} 14. Qxd5 {[%clk 1:23:53]} Be7 {[%clk
1:15:06]} 15. Re1 {[%clk 1:22:56]} Be6 {[%clk 1:11:29]} 16. Qb5 {[%clk
1:18:08]} Rad8 {[%clk 1:07:42]} 17. Nxe5 {[%clk 1:15:00]} Rd5 {[%clk 1:06:14]}
18. Qa4 {[%clk 1:09:28]} Rxe5 {[%clk 1:05:02]} 19. Rxe5 {[%clk 1:06:43]} Qxe5
{[%clk 1:05:20]} 20. Nf3 {[%clk 1:07:01]} Qh5 {[%clk 1:01:58]} 21. Be3 {[%clk
1:02:33]} Bd5 {[%clk 0:57:42]} 22. Qf4 {[%clk 0:56:43]} Rd8 {[%clk 0:48:43]}
23. h3 {[%clk 0:41:55]} Bd6 {[%clk 0:35:55]} 24. Qg4 {[%clk 0:41:37]} Bxf3
{[%clk 0:35:37]} 25. gxf3 {[%clk 0:37:12]} Qe5 {[%clk 0:31:15]} 26. f4 {[%clk
0:36:38]} Qb5 {[%clk 0:29:59]} 27. b3 {[%clk 0:35:11]} Bc5 {[%clk 0:25:18]} 28.
Qg5 {[%clk 0:31:40]} b6 {[%clk 0:20:05]} 29. b4 {[%clk 0:30:51]} Rd6 {[%clk
0:19:44]} 30. Kh2 {[%clk 0:28:57]} Rg6 {[%clk 0:14:42]} 31. Qh5 {[%clk
0:28:20]} Nxb4 {[%clk 0:07:41]} 32. cxb4 {[%clk 0:25:16]} Qc6 {[%clk 0:08:02]}
33. Rg1 {[%clk 0:24:44]} Rxg1 {[%clk 0:07:00]} 34. Kxg1 {[%clk 0:24:59]} Bxb4
{[%clk 0:07:00]} 35. Qe5 {[%clk 0:22:59]} Bd6 {[%clk 0:05:41]} 36. Qg5 {[%clk
0:19:40]} Bc5 {[%clk 0:02:39]} 37. Qd8+ {[%clk 0:14:47]} Kh7 {[%clk 0:02:48]}
38. Bxc5 {[%clk 0:14:43]} bxc5 {[%clk 0:02:57]} 39. Qe7 {[%clk 0:14:31]} c4
{[%clk 0:01:50]} 40. Qxf7 {[%clk 0:13:34]} Qg6+ {[%clk 0:01:15]} 41. Qxg6+
{[%clk 0:13:55]} Kxg6 {[%clk 0:01:42]} 42. Kf1 {[%clk 0:14:08]} Kf5 {[%clk
0:00:45]} 43. Ke2 {[%clk 0:14:00]} Kxf4 {[%clk 0:28:47]} 44. a4 {[%clk
0:41:39]} Ke4 {[%clk 0:26:40]} 45. a5 {[%clk 0:39:25]} c3 {[%clk 0:23:53]} 46.
h4 {[%clk 0:37:09]} c2 {[%clk 0:21:28]} 47. Kd2 {[%clk 0:37:33]} Kf3 {[%clk
0:21:52]} 48. Kxc2 {[%clk 0:37:42]} Kxf2 {[%clk 0:22:19]} 49. Kb3 {[%clk
0:37:01]} Kg3 {[%clk 0:22:36]} 50. h5 {[%clk 0:37:23]} Kg4 51. Kb4 {[%clk
0:37:20]} Kxh5 {[%clk 0:23:21]} 52. Kb5 {[%clk 0:37:41]} g5 {[%clk 0:23:22]}
53. Ka6 {[%clk 0:38:03]} g4 {[%clk 0:23:43]} 54. Kxa7 {[%clk 0:38:29]} g3
{[%clk 0:24:10]} 55. Kb7 g2 {[%clk 0:24:23]} 56. a6 {[%clk 0:39:11]} g1=Q
{[%clk 0:24:13]} 57. a7 {[%clk 0:39:23]} Qb1+ {[%clk 0:21:19]} 58. Ka8 {[%clk
0:39:33]} Qa2 {[%clk 0:21:07]} 59. Kb7 Qb3+ {[%clk 0:21:10]} 60. Ka8 {[%clk
0:39:22]} Qa3 {[%clk 0:21:18]} 61. Kb7 {[%clk 0:39:31]} Qb4+ {[%clk 0:21:37]}
62. Ka8 {[%clk 0:39:49]} Qa5 {[%clk 0:14:26]} 63. Kb7 Qb5+ {[%clk 0:14:30]} 64.
Ka8 {[%clk 0:40:21]} Qc6+ {[%clk 0:14:51]} 65. Kb8 {[%clk 0:40:42]} Qb6+ {[%clk
0:15:14]} 66. Ka8 {[%clk 0:41:01]} Qc7 1/2-1/2

[Event "Deutsche Ländermeisterschaft 2019"]
[Site "Würzburg GER"]
[Date "2019.10.02"]
[Round "2"]
[White "Sperling, Niclas"]
[Black "Henninger, Claire"]
[Result "1/2-1/2"]
[Termination "normal"]
[Board "6.7"]
[WhiteElo "1656"]
[BlackElo "1471"]
[WhiteClock "00:49:36"]
[BlackClock "00:01:35"]
[WhiteTeam "SG Brandenburg / Berlin"]
[BlackTeam "Baden 2"]
[PlyCount "110"]
[WhiteFideId "16204000"]
[BlackFideId "16200659"]
[EventCountry "GER"]
[EventRounds "7"]
[EventType "team-swiss"]
[EventDate "2019.10.01"]

1. e4 {[%clk 1:30:58]} c6 {[%clk 1:30:37]} 2. d4 {[%clk 1:31:22]} d5 {[%clk
1:30:55]} 3. Nc3 {[%clk 1:31:33]} dxe4 {[%clk 1:30:45]} 4. Nxe4 {[%clk
1:31:56]} Bf5 {[%clk 1:30:50]} 5. Ng3 {[%clk 1:32:17]} Bg6 {[%clk 1:30:59]} 6.
h4 {[%clk 1:32:28]} h6 {[%clk 1:29:26]} 7. Nf3 {[%clk 1:32:01]} Nd7 {[%clk
1:27:18]} 8. Bc4 {[%clk 1:31:07]} e6 {[%clk 1:25:42]} 9. Bf4 {[%clk 1:24:02]}
Ngf6 {[%clk 1:18:42]} 10. Qd2 {[%clk 1:21:22]} Nd5 {[%clk 1:10:16]} 11. c3
{[%clk 1:14:07]} Nxf4 {[%clk 1:08:20]} 12. Qxf4 {[%clk 1:14:21]} Qf6 {[%clk
1:02:51]} 13. Qe3 {[%clk 1:11:42]} Bd6 {[%clk 1:00:00]} 14. Ne4 {[%clk
1:10:29]} Bxe4 {[%clk 0:55:05]} 15. Qxe4 {[%clk 1:10:46]} Qf4 {[%clk 0:54:25]}
16. Qxf4 {[%clk 1:08:43]} Bxf4 {[%clk 0:54:37]} 17. g3 {[%clk 1:09:12]} Bd6
{[%clk 0:54:48]} 18. O-O-O {[%clk 1:09:35]} O-O-O {[%clk 0:54:35]} 19. Rhe1
{[%clk 1:09:36]} Rhe8 {[%clk 0:49:36]} 20. Bb3 {[%clk 1:09:23]} Re7 {[%clk
0:48:37]} 21. Nd2 {[%clk 1:06:54]} Nb6 {[%clk 0:46:47]} 22. Ne4 {[%clk
1:05:54]} a5 {[%clk 0:44:17]} 23. Nxd6+ {[%clk 1:05:35]} Rxd6 {[%clk 0:44:27]}
24. a4 {[%clk 1:05:48]} Red7 {[%clk 0:43:33]} 25. Re2 {[%clk 1:04:50]} Rd8
{[%clk 0:36:25]} 26. Red2 {[%clk 1:03:49]} f6 {[%clk 0:35:14]} 27. Re2 {[%clk
1:02:16]} Nd5 {[%clk 0:31:44]} 28. Rde1 {[%clk 1:02:19]} Re8 {[%clk 0:29:55]}
29. f4 {[%clk 1:02:21]} g6 {[%clk 0:19:30]} 30. h5 {[%clk 1:00:50]} g5 {[%clk
0:18:07]} 31. f5 {[%clk 1:01:06]} Kd7 {[%clk 0:17:09]} 32. Kd2 {[%clk 0:59:23]}
e5 {[%clk 0:11:35]} 33. Kc2 {[%clk 0:57:43]} b6 {[%clk 0:02:07]} 34. dxe5
{[%clk 0:56:57]} fxe5 {[%clk 0:02:07]} 35. Rxe5 {[%clk 0:57:23]} Nf6 {[%clk
0:02:01]} 36. Rxe8 {[%clk 0:53:37]} Nxe8 {[%clk 0:02:26]} 37. Bc4 {[%clk
0:48:07]} Nf6 {[%clk 0:02:08]} 38. Re6 {[%clk 0:43:48]} Rxe6 {[%clk 0:01:59]}
39. Bxe6+ {[%clk 0:44:15]} Ke7 {[%clk 0:02:16]} 40. Kd3 {[%clk 0:44:29]} Nxh5
{[%clk 0:01:55]} 41. Ke4 {[%clk 0:40:15]} Nxg3+ 42. Ke5 Nh5 {[%clk 0:15:32]}
43. b4 {[%clk 1:10:09]} g4 {[%clk 0:14:29]} 44. Bc4 {[%clk 1:09:42]} Nf6 {[%clk
0:12:00]} 45. b5 {[%clk 1:05:29]} c5 {[%clk 0:09:36]} 46. Be2 {[%clk 1:03:58]}
h5 {[%clk 0:09:32]} 47. c4 {[%clk 1:04:12]} g3 {[%clk 0:04:36]} 48. Bf3 {[%clk
1:03:50]} h4 {[%clk 0:03:21]} 49. Kf4 {[%clk 1:01:43]} Kd6 {[%clk 0:03:05]} 50.
Bg2 {[%clk 1:01:12]} Nh7 {[%clk 0:02:13]} 51. Bh3 {[%clk 0:54:15]} Nf6 {[%clk
0:02:10]} 52. Bg2 {[%clk 0:51:56]} Nh7 {[%clk 0:02:17]} 53. Bh3 {[%clk
0:51:57]} Nf6 {[%clk 0:02:36]} 54. Bg2 {[%clk 0:50:19]} Nh7 {[%clk 0:01:35]}
55. Bh3 {[%clk 0:49:36]} Ke5+ 1/2-1/2

[Event "Deutsche Ländermeisterschaft 2019"]
[Site "Würzburg GER"]
[Date "2019.10.02"]
[Round "2"]
[White "Haug, Mara"]
[Black "Heinze, Sofie"]
[Result "1-0"]
[Termination "normal"]
[Board "6.8"]
[WhiteElo "1508"]
[BlackElo "1207"]
[WhiteClock "00:43:52"]
[BlackClock "01:06:43"]
[WhiteTeam "Baden 2"]
[BlackTeam "SG Brandenburg / Berlin"]
[PlyCount "77"]
[WhiteFideId "16259300"]
[BlackFideId "16226461"]
[EventCountry "GER"]
[EventRounds "7"]
[EventType "team-swiss"]
[EventDate "2019.10.01"]

1. e4 {[%clk 1:30:58]} e5 {[%clk 1:30:52]} 2. Nf3 {[%clk 1:31:16]} Nc6 {[%clk
1:31:08]} 3. Bc4 {[%clk 1:31:29]} Bc5 {[%clk 1:30:53]} 4. O-O {[%clk 1:31:51]}
Nf6 {[%clk 1:30:38]} 5. d4 {[%clk 1:31:20]} Bxd4 {[%clk 1:28:46]} 6. Nxd4
{[%clk 1:31:42]} Nxd4 {[%clk 1:28:59]} 7. f4 {[%clk 1:31:55]} d6 {[%clk
1:28:54]} 8. fxe5 {[%clk 1:32:17]} dxe5 {[%clk 1:29:10]} 9. Bg5 {[%clk
1:32:38]} Qd6 {[%clk 1:28:35]} 10. Bxf6 {[%clk 1:31:49]} gxf6 {[%clk 1:28:40]}
11. c3 {[%clk 1:28:44]} Ne6 {[%clk 1:28:11]} 12. Qxd6 {[%clk 1:27:48]} cxd6
{[%clk 1:28:25]} 13. Rxf6 {[%clk 1:27:23]} Ke7 {[%clk 1:27:45]} 14. Rf2 {[%clk
1:24:31]} f6 {[%clk 1:27:28]} 15. Nd2 {[%clk 1:21:40]} Rg8 {[%clk 1:26:22]} 16.
Raf1 {[%clk 1:18:47]} Rg6 {[%clk 1:26:00]} 17. Nf3 {[%clk 1:17:15]} Nf4 {[%clk
1:25:34]} 18. Kh1 {[%clk 1:05:51]} Be6 {[%clk 1:24:53]} 19. Bxe6 {[%clk
1:02:54]} Kxe6 {[%clk 1:25:04]} 20. Rd1 {[%clk 0:56:56]} Rag8 {[%clk 1:23:52]}
21. Nh4 {[%clk 0:49:07]} Rg4 {[%clk 1:22:47]} 22. g3 {[%clk 0:47:42]} Nh3
{[%clk 1:20:55]} 23. Rfd2 {[%clk 0:43:08]} Ke7 {[%clk 1:19:15]} 24. Nf5+ {[%clk
0:42:53]} Ke6 {[%clk 1:17:36]} 25. Nh6 {[%clk 0:42:23]} Rxg3 {[%clk 1:07:51]}
26. hxg3 {[%clk 0:41:35]} Rxg3 {[%clk 1:07:42]} 27. Rxd6+ {[%clk 0:41:42]} Ke7
{[%clk 1:07:23]} 28. Nf5+ {[%clk 0:41:54]} Kf7 {[%clk 1:07:03]} 29. Nxg3 {[%clk
0:42:16]} Nf2+ {[%clk 1:07:02]} 30. Kg2 {[%clk 0:42:18]} Nxd1 {[%clk 1:06:10]}
31. Rxd1 {[%clk 0:42:40]} Kg6 {[%clk 1:06:30]} 32. Rd7 {[%clk 0:43:00]} h5
{[%clk 1:06:23]} 33. Rxb7 {[%clk 0:43:23]} h4 {[%clk 1:06:40]} 34. Nf5 Kg5 35.
Kh3 {[%clk 0:42:24]} Kf4 {[%clk 1:06:54]} 36. Rb4 {[%clk 0:42:47]} a5 {[%clk
1:06:56]} 37. Ra4 {[%clk 0:43:11]} Kg5 {[%clk 1:06:34]} 38. c4 {[%clk 0:43:30]}
Kf4 {[%clk 1:06:43]} 39. c5 {[%clk 0:43:52]} 1-0